Les agrumes - Statistiques

Statistiques générales
  • Ce quiz a été pris 144 fois
  • Le résultat moyen est 8 sur 25
Statistiques - réponses
Les agrumes % Correct
Orange
99%
Citron
97%
Pamplemousse
92%
Clémentine
89%
Mandarine
88%
Citron vert
78%
Orange sanguine
55%
Pomelo
53%
Kumquat
30%
Yuzu
28%
Bergamote
24%
Cédrat
19%
Tangerine
11%
Main de Bouddha
10%
Combava
8%
Bigarade
3%
Calamondin
3%
Chinotto
3%
Limette
3%
Tangor
3%
Mineola
2%
Sudachi
2%
Ichang Papeda
1%
Kabosu
1%
Ugli
1%
Aucun quiz correspondant
Distribution des résultats
% des personnes avec chaque résultat
Percentile par nombre de réponses
Votre historique - résultats
Vous n’avez pas pris ce quiz